A wind in the door / (Record no. 1375)

MARC details
000 -LEADER
fixed length control field 01076cam a2200301 a 4500
005 - DATE AND TIME OF LATEST TRANSACTION
control field 20260322212057.0
008 - FIXED-LENGTH DATA ELEMENTS--GENERAL INFORMATION
fixed length control field data
010 ## - LIBRARY OF CONGRESS CONTROL NUMBER
LC control number 2008277720
020 ## - INTERNATIONAL STANDARD BOOK NUMBER
International Standard Book Number 9780312368548 (pbk.)
020 ## - INTERNATIONAL STANDARD BOOK NUMBER
International Standard Book Number 0312368542 (pbk.)
040 ## - CATALOGING SOURCE
Original cataloging agency DLC
Transcribing agency DLC
042 ## - AUTHENTICATION CODE
Authentication code lcac
050 00 - LIBRARY OF CONGRESS CALL NUMBER
Classification number PZ7.L5385
Item number Wi 2007
082 00 - DEWEY DECIMAL CLASSIFICATION NUMBER
Classification number [Fic]
Edition information 22
001 - CONTROL NUMBER
control field data
100 1# - MAIN ENTRY--PERSONAL NAME
Personal name L'Engle, Madeleine.
245 12 - TITLE STATEMENT
Title A wind in the door /
Statement of responsibility, etc. Madeleine L'Engle.
250 ## - EDITION STATEMENT
Edition statement 1st Square Fish ed.
260 ## - PUBLICATION, DISTRIBUTION, ETC.
Place of publication, distribution, etc. New York :
Name of publisher, distributor, etc. Square Fish,
Date of publication, distribution, etc. 2007.
300 ## - PHYSICAL DESCRIPTION
Extent 245 p. :
Dimensions 20 cm.
490 0# - SERIES STATEMENT
Series statement Time quintet ;
Volume/sequential designation bk. 2
500 ## - GENERAL NOTE
General note Sequel to: A wrinkle in time.
520 ## - SUMMARY, ETC.
Summary, etc. With Meg Murry's help, the dragons her six-year-old brother saw in the vegetable garden play an important part in his struggle between life and death.
650 #1 - SUBJECT ADDED ENTRY--TOPICAL TERM
Topical term or geographic name entry element Science fiction.
906 ## - LOCAL DATA ELEMENT F, LDF (RLIN)
a 7
b cbc
c orignew
d 1
e ncip
f 20
g y-gencatlg
925 0# -
-- acquire
-- 1 shelf copy
-- policy default
Holdings
Withdrawn status Lost status Damaged status Not for loan Home library Current library Shelving location Date acquired Total checkouts Full call number Barcode Date last seen Price effective from Koha item type
        Centerville Centerville General stacks 22/03/2026   [Fic] 22 BC0011421 22/03/2026 22/03/2026 Books